The anatomy of dependence

A classic study of the Japanese psyche, a starting point for a true understanding Japanese behavior....The discovery that a major concept of human feeling -- easily expressed in everyday Japanese -- totally resisted translation into a Western language led Dr. Takeo Doi to explore and define an area...

Descrizione completa

Salvato in:
Dettagli Bibliografici
Autore principale: Doi, Takeo
Natura: Libro
Lingua:Undetermined
Pubblicazione: Tokyo, Japan Kodansha international Ltd. 1973
Soggetti:
Tags: Aggiungi Tag
Nessun Tag, puoi essere il primo ad aggiungerne! !
Thư viện lưu trữ: Trung tâm Học liệu Trường Đại học Cần Thơ
LEADER 01112nam a2200193Ia 4500
001 CTU_115176
008 210402s9999 xx 000 0 und d
082 |a 155.8 
082 |b D657 
100 |a Doi, Takeo 
245 4 |a The anatomy of dependence 
245 0 |c Takeo Doi 
260 |a Tokyo, Japan 
260 |b Kodansha international Ltd. 
260 |c 1973 
520 |a A classic study of the Japanese psyche, a starting point for a true understanding Japanese behavior....The discovery that a major concept of human feeling -- easily expressed in everyday Japanese -- totally resisted translation into a Western language led Dr. Takeo Doi to explore and define an area of the psyche which has previously received little attention. The resulting essay, The Anatomy of Dependence, is one of the most penetrating analyses of the Japanese mind ever written, as well as an important original contribution to psychology which transcends the boundaries of cultures and nations. 
650 |a National characteristics, japanese 
904 |i Tuyến 
980 |a Trung tâm Học liệu Trường Đại học Cần Thơ